000
00318pam a2200133 a 4500
020
_c
041
_h
100
_a
Rajesh Gopal,
_e
Author.,
245
_a
Fundamentals of Wildlife Management
_h
Textual Documents
250
_a
1st.
260
_a
[s.l]:
_b
Natraj Publisher, Deheradun
300
_a
1295.
930
_a
2343
999
_c
248194
_d
248194